000 00506nam a2200169Ia 4500
008 090201s9999 xx 000 0 und d
010 _aKPL-10143
040 _bमराठी
041 _aमराठी
082 _a46128
_b10143
100 _aग. रा. टिकेकर
245 _aकर्नल सुन
_cग. रा. टिकेकर
260 _c2005
_bराजस प्रकाशन
300 _a188
_bमोठा
600 _aकर्नल सुन
942 _cBOOK
999 _c243001
_d243001